000 00796nam a2200241Ia 4500
003 GCL
005 20240530103921.0
008 140319s9999 xx 000 0 ara d
040 _aGCL /
_cGCL
082 0 4 _a193
_bهـ أ
100 1 _aهيخل ، ج . ف .
245 1 0 _aهيجل : مج1 اصول فلسفة الحق /
_cج . ف . هيخل ، امام عبدالفتاح امام
250 _aالاولى
260 _aالقاهرة :
_bمكتبة مدبولى ،
_c1996
300 _a673 ص ؛
_c24سم
490 _aالمكتبة الهيجلية : المؤلفات
_v1
650 0 4 _aالفلسفة
650 0 4 _aالفلسفة الحديثة
650 0 4 _aهيجل
650 0 4 _aالفلسفة الغربية
700 1 _aهيجل, جورج فردودش
942 _2ddc
_cBK
999 _c43439
_d43439